|
|
|
|
| LEADER |
00000nab a2200000 a 4500 |
| 001 |
vtls000823980 |
| 003 |
SK-MaSNL |
| 005 |
20260304124240.0 |
| 008 |
250429c2002 xo 0 slo |
| 015 |
|
|
|a SNBRB2003/02-03655
|
| 035 |
|
|
|a CLN000175635
|
| 035 |
|
|
|a urn:nbn:sk:snk-abag4x
|
| 035 |
|
|
|a (urnnbn)urn:nbn:sk:snk:ar-007slu
|
| 035 |
|
|
|a (uuid)cf2063da-23a2-43a5-872d-7d559e26c296
|
| 040 |
|
|
|a SNKBUCL
|b slo
|c SNKBUCL
|e AACR2
|
| 041 |
0 |
|
|a slo
|
| 044 |
|
|
|a xo
|c SK
|
| 080 |
|
|
|a 617.7:579.88
|2 1997
|
| 080 |
|
|
|a 617.711-002:616.983-07
|2 1997
|
| 080 |
|
|
|a 617.713-002:616.983-07
|2 1997
|
| 080 |
|
|
|a 616.983:617.7
|2 1997
|
| 245 |
0 |
0 |
|a Využitie detekcie častíc chlamýdií metódou priamej imunofluorescencie v ambulantnej oftalmologickej praxi
|c Bartovic V. ... [et al.]
|
| 300 |
|
|
|b Obr.
|
| 504 |
|
|
|a Bibliogr. odkazy
|
| 650 |
0 |
7 |
|a očné choroby
|2 snkbucl
|9 1166
|
| 650 |
0 |
7 |
|a keratokonjunktivitída chlamýdiová
|x diagnostika
|2 snkbucl
|9 1434891
|
| 650 |
0 |
7 |
|a konjunktivitída chlamýdiová
|x diagnostika
|2 snkbucl
|9 1434892
|
| 650 |
0 |
7 |
|a oko
|x infekcia chlamýdiová
|x diagnostika
|2 snkbucl
|9 1434893
|
| 650 |
0 |
7 |
|a chlamýdiové infekcie
|2 snkbucl
|9 725570
|
| 700 |
1 |
|
|a Bartovic, Vladimír
|4 aut
|9 838849
|
| 700 |
1 |
|
|a Botek, R.
|4 aut
|9 861984
|
| 700 |
1 |
|
|a Gavorník, Pavel,
|d 1952-
|4 aut
|9 201247
|
| 700 |
1 |
|
|a Krištofovičová, A.
|4 aut
|9 1143745
|
| 700 |
1 |
|
|a Melicháčová, V.
|4 aut
|9 861983
|
| 773 |
0 |
|
|t Česká a slovenská oftalmologie
|g Roč. 58, č. 6 (2002), s. 412-417
|x 1211-9059
|
| 850 |
|
|
|a Slovenská národná knižnica
|
| 852 |
|
|
|a Slovenská národná knižnica
|
| 954 |
|
|
|a odborná, vedecká literatúra pôvodná (slovenská)
|2 lita
|
| 958 |
|
|
|a article14
|
| 958 |
|
|
|a MI
|
| 958 |
|
|
|a NB
|
| 958 |
|
|
|a OND
|
| 958 |
|
|
|a EUIPO
|
| 999 |
|
|
|c 2890934
|d 2892864
|